Astronomia #1 - Statystyki

Ogólne statystyki
  • Ten quiz został rozwiązany 392 razy
  • Średni wynik to 16 z 28
Statystyki odpowiedzi
Pytanie Odpowiedź % Poprawnych
2. Ile jest planet w naszym układzie słonecznym? 8
100%
3. Ile jest planet gazowych w naszym układzie planetarnym? 4
99%
1. Jak nazywa się nasza galaktyka? Droga Mleczna
95%
7. Którą planetą od słońca jest Ziemia? 3
91%
8. "Wstrzymał Słońce, ruszył Ziemię" Mikołaj Kopernik
90%
17. Najmniejsza planeta Układu Słonecznego Merkury
79%
28. Planeta układu słonecznego z pierścieniami Saturn
76%
26. Planeta karłowata, a zarazem radioaktywny pierwiastek Pluton
72%
4. Jak nazywa się kometa przelatująca obok słońca co średnio 76 lat? Kometa Halleya
70%
23. Pierwiastek, który dominuje na naszym słońcu Wodór
65%
24. Galaktyka będąca nabliżej drogi mlecznej Andromeda
64%
12. Pierwszy człowiek na księżycu Neil Armstrong
64%
13. Pierwszy człowiek w kosmosie Jurij Gagarin
61%
9. Odkrywca czterech największych księżyców Jowisza Galileusz
60%
22. Obiekt okrążający Słońce po najbliższej orbicie Merkury
56%
25. Planeta zwana gwiazdą zaranną lub Jutrzenką Wenus
54%
6. W którym roku zdarzyła się katastrofa promu Challenger? 1986
49%
16. Najjaśniejsza gwiazda na południowym niebie Syriusz A
49%
20. Gwiazda będąca najbliżej układu słonecznego Proxima Centauri
46%
27. Jeden z najwybitniejszych fizyków teoretycznych XX wieku Stephen Hawking
36%
5. Najsłynniejszy teleskop kosmiczny Teleskop Hubble'a
35%
15. Największa znana nam gwiazda UY Scuti
35%
10. Odkrywca ruchu własnego gwiazd i pewnej komety Edmond Halley
34%
21. Piękna gromada otwarta, przypominająca Wielki Wóz (Byk) Plejady
23%
11. Amerykański astrofizyk oraz autor wielu książek Neil DeGrasse Tyson
20%
18. Obiekt okrążający Słońce po najdalszej orbicie Sedna
20%
14. Grecki astronom i matematyk. Podzielił niebo na 48 gwiazdozbiorów. Ptolemeusz
19%
19. Największy gwiazdozbiór na nocnym niebie Hydra
18%
Nie znaleziono quizów pasujących do podanych kryteriów
Rozkład punktacji
Procent ludzi z każdym wynikiem
Percentyl według liczby udzielonych odpowiedzi
Twoja historia wyników
Nie rozwiązałeś tego quizu